Types of Frozen Treats - Statistics

General Stats
  • This quiz has been taken 134 times
  • The average score is 5 of 9
Answer Stats
Picture Answer % Correct
Ice cream
98%
Banana Split
76%
Popsicle
73%
Smoothie (The Ingredients)
68%
Frozen Yogurt
66%
Ice Cream Cake
60%
Shaved Ice
34%
Parfait
17%
Apple pie a la mode
3%
No matching quizzes found
Score Distribution
Percent of People with Each Score
Percentile by Number Answered
Your Score History
You have not taken this quiz